000 00959nam a2200253 a 4500
001 000123825
003 AM-YEHGA
005 20250617122613.0
008 980302s1983 ru a|||gr|||||||||0|rus|d
040 _aAM-YeHGA
041 1 _arus
_heng
100 1 _aГивоне, Дональд Д.
245 1 0 _aМикропроцессоры и микрокомпьютеры :
_bВводный курс : Пер. с англ. /
_cД. Гивоне, Р. Россер ; Пер. В.С. Штаркмана, Т.А. Шаргиной.
246 1 5 _aMicroprocessors (microcomputers)
260 _aМосква :
_bМир,
_c1983.
300 _a463 с. :
_bил. ;
_c22 см.
650 1 4 _aМикропроцессоры
653 2 _aвычислительные системы
700 1 _aРоссер, Роберт П.
700 1 _aШтаркман, В.С.
_eпер.
_4trl
700 1 _aШаргина, Т.А.
_eпер.
_4trl
942 _2udc
_cBK
090 _c41507
999 _c40842
_d40842